Stroj ako niekto iný

Bibliographic Details
Main Author: Matejovič, Pavel, 1963- (Author)
Format: Article
Language:Slovak
ISSN:1335-1702
Subjects:

MARC

LEADER 00000nab a2200000 a 4500
001 vtls000699492
003 SK-MaSNL
005 20260304180422.0
008 250425c1999 xo 0 slo
015 |a SNBRB1999/09-20872 
035 |a CLN000051659 
035 |a urn:nbn:sk:snk-ab9wql 
035 |a (urnnbn)urn:nbn:sk:snk:ar-a092px 
035 |a (uuid)0c4e274d-287f-4eb2-8430-138de498328b 
040 |a SNKBUCL  |b slo  |c SNKBUCL  |e AACR2 
041 0 |a slo 
044 |a xo  |c SK 
080 |a 007(048)  |2 1997 
100 1 |a Matejovič, Pavel,  |d 1963-  |4 aut  |9 112369 
245 1 0 |a Stroj ako niekto iný  |c Pavel Matejovič 
650 0 7 |a umelá inteligencia  |2 snkbucl  |9 1830 
655 7 |a články z novín a časopisov  |2 snkbucl  |9 267496 
773 0 |t RAK  |g Roč. 4, č. 1 (1999), s. 36-39  |x 1335-1702 
787 0 8 |i Rec.:  |a Kelemen, Jozef, 1951-  |t Postmoderný stroj  |d Bratislava : F.R.&G., 1998  |z 8085508451 
850 |a Slovenská národná knižnica 
852 |a Slovenská národná knižnica 
958 |a article13 
958 |a OND 
958 |a EUIPO 
992 |a RBX 
999 |c 3017939  |d 3019869